Una interpretación histórica de la población

Saved in:
Bibliographic Details
Main Author: Dierckxsens, Wim
Format: Text
Published: s.n.t. :
Tags: Add Tag
No Tags, Be the first to tag this record!

MARC

LEADER 00000 a a2200000 04500
001 16782
003
040
090 |a 006200  
100 |a Dierckxsens, Wim  
245 |a Una interpretación histórica de la población  
260 |a s.n.t. :  
300 |a 93 p.  
999 |c 14094  |d 14094